00387nam a22001577a 4500003000500000005001700005008004100022020001800063040000600081082001600087100001700103245005600120260002000176300000900196650002400205CEME20210628203625.0210203b xxu||||| |||| 00| 0 eng d a0-8031-2404-X c. a620.118 COM a Deo, Ravi B aComposite materials testing and design, 12th volume aUSAbASTMc1996 a422P aCOMPOSITE MATERIALS